Potential use of rubber seed oil as carrier for copper fungicides in the management of abnormal leaf fall disease of Hevea brasiliensis (Record no. 52484)

MARC details
000 -LEADER
fixed length control field 00796nam a2200217Ia 4500
100 ## - MAIN ENTRY--AUTHOR NAME
Personal name Jacob C.K.
245 #0 - TITLE STATEMENT
Title Potential use of rubber seed oil as carrier for copper fungicides in the management of abnormal leaf fall disease of Hevea brasiliensis
260 ## - PUBLICATION, DISTRIBUTION, ETC. (IMPRINT)
Name of publisher In: Preprints of Papers. International Natural Rubber Conference, India 2005, 6-8 November 2005, Rubber Research Institute of India, Kottayam, Kerala, India, pp. 456-462.
Year of publication 2005
650 ## - SUBJECT ADDED ENTRY--TOPICAL TERM
Topical Term Abnormal leaf fall
650 ## - SUBJECT ADDED ENTRY--TOPICAL TERM
Topical Term Copper fungicide
650 ## - SUBJECT ADDED ENTRY--TOPICAL TERM
Topical Term Disease control
650 ## - SUBJECT ADDED ENTRY--TOPICAL TERM
Topical Term Rubber seed oil
650 ## - SUBJECT ADDED ENTRY--TOPICAL TERM
Topical Term Spraying
700 ## - ADDED ENTRY--PERSONAL NAME
Personal name Idicula S.P.
700 ## - ADDED ENTRY--PERSONAL NAME
Personal name Manju M.J.
700 ## - ADDED ENTRY--PERSONAL NAME
Personal name Mushrif S.K.
700 ## - ADDED ENTRY--PERSONAL NAME
Personal name Prem E.E.
700 ## - ADDED ENTRY--PERSONAL NAME
Personal name Sreenivas P.
942 ## - ADDED ENTRY ELEMENTS (KOHA)
Koha item type Bibliography STAF
Holdings
Withdrawn status Lost status Damaged status Not for loan Home library Current library Date acquired Koha item type
      Bibliography RRII Library RRII Library 09/04/2014 Bibliography STAF